| 000 | 00405pab a2200169 454500 | ||
|---|---|---|---|
| 008 | 180718b2014 xxu||||| |||| 00| 0 eng d | ||
| 100 | _aVasudevan, Parvathi | ||
| 245 | _aIs Nigeria falling apart? | ||
| 260 | _c2014 | ||
| 300 | _ap.18-21. | ||
| 362 | _a31 May | ||
| 650 | _aTerrorism - Nigeria | ||
| 650 | _aTerrorism | ||
| 773 | _aEconomic and Political Weekly | ||
| 908 | _aN | ||
| 909 | _a104430 | ||
| 999 |
_c104426 _d104426 |
||